| 000 | 00768nam a22002057a 4500 | ||
|---|---|---|---|
| 999 |
_c985 _d985 |
||
| 005 | 20200218112631.0 | ||
| 008 | 200218b ||||| |||| 00| 0 eng d | ||
| 020 | _a9780007584642 | ||
| 040 | _cKH8 | ||
| 082 | _aFIC ROT | ||
| 100 |
_aRoth, Veronica _eauthor |
||
| 245 |
_aFour : _b a divergent collection / _cVeronica Roth |
||
| 260 |
_aLondon : _bHarperCollins, _c2015. ©2014. |
||
| 300 |
_a285 p. ; _c20 cm. |
||
| 440 | _aDivergent | ||
| 520 | _aFans of the Divergent series by No. 1 New York Times bestselling author Veronica Roth will be thrilled by Four: A Divergent Collection, a companion volume that includes four pre-Divergent stories told from Tobias Eaton's point of view. | ||
| 650 | _aDystopias. | ||
| 650 | _aYoung adult fiction | ||
| 942 |
_2ddc _cFIC |
||